| 000 | 00000nam 2200000zi 4500 |
| 001 | 9.940472 |
| 003 | CaOODSP |
| 005 | 20250107144100 |
| 006 | m o d f |
| 007 | cr mn||||||||| |
| 008 | 240711t20232023oncd obs f000 0 eng d |
| 040 | |aCaOODSP|beng|erda|cCaOODSP |
| 086 | 1 |aCS14-28-0001/2023-1-2E-PDF |
| 245 | 00|aInvoluntary part-time work, 1997 to 2022. |
| 264 | 1|a[Ottawa] : |bStatistics Canada = Statistique Canada, |c2023. |
| 264 | 4|c©2023 |
| 300 | |a1 online resource (4 pages) : |bgraphs. |
| 336 | |atext|btxt|2rdacontent |
| 337 | |acomputer|bc|2rdamedia |
| 338 | |aonline resource|bcr|2rdacarrier |
| 490 | 1 |aQuality of employment in Canada ; |x2818-1247 |
| 500 | |aCover title. |
| 500 | |a"Release date: June 13, 2023." |
| 500 | |aIssued also in French under title: Travail à temps partiel involontaire, 1997 à 2022. |
| 504 | |aIncludes bibliographical references. |
| 520 | |a"While many workers in Canada work fewer than 30 hours per week as a matter of choice, others do so involuntarily. In 2022, there was 556,000 involuntary part-time workers in the Canadian labour market on average, representing 2.8% of all workers. Although employed women (3.6%) were more likely than men (2.2%) to be involuntary part-time workers overall, involuntary part-time work represented a larger proportion of male part-time employment (17.4%) than female part-time employment (14.5%)"--Page 1. |
| 650 | 0|aHours of labor|zCanada|vStatistics. |
| 650 | 0|aPart-time employment|zCanada|vStatistics. |
| 650 | 0|aLabor market|zCanada|vStatistics. |
| 650 | 0|aQuality of work life|zCanada|vStatistics. |
| 655 | 7|aStatistics|2lcgft |
| 710 | 2 |aStatistics Canada, |eissuing body. |
| 775 | 08|tTravail à temps partiel involontaire, 1997 à 2022.|w(CaOODSP)9.940473 |
| 830 | #0|aQuality of employment in Canada,|x2818-1247|w(CaOODSP)9.940413 |
| 856 | 40|qPDF|s239 KB|uhttps://publications.gc.ca/collections/collection_2024/statcan/14-28-0001/CS14-28-0001-2023-1-2-eng.pdf |
| 856 | 4 |qHTML|sN/A|uhttps://www150.statcan.gc.ca/n1/pub/14-28-0001/2023001/article/00002-eng.htm |
| 986 | |a14280001 |